Les 30 pays les plus forts militairement - Statistiques

Statistiques générales
  • Ce quiz a été pris 237 fois
  • Le résultat moyen est 22 sur 30
Statistiques - réponses
Classe Pays % Correct
1 usa
99%
3 chine
98%
7 france
97%
2 russie
97%
14 allemagne
93%
6 grande bretagne
92%
4 inde
91%
8 japon
91%
11 bresil
89%
17 espagne
88%
10 italie
88%
28 canada
87%
5 coree du sud
85%
16 iran
82%
12 pakistan
77%
18 australie
75%
9 turquie
75%
20 ukraine
74%
21 pologne
73%
26 algérie
71%
19 egypte
66%
24 arabie saoudite
64%
13 indonésie
63%
27 suede
62%
30 grèce
51%
25 thailande
49%
23 viet nam
48%
22 taiwan
26%
29 singapour
17%
15 isrreal
1%
Aucun quiz correspondant
Distribution des résultats
% des personnes avec chaque résultat
Percentile par nombre de réponses
Votre historique - résultats
Vous n’avez pas pris ce quiz